LIBRARY & INFORMATION CENTRE, KCAET, TAVANUR

ONLINE PUBLIC ACCESS CATALOGUE (OPAC)

social and political philoshyof survodaya Gandhji / (Record no. 12407)

MARC details
000 -LEADER
fixed length control field 00389cam a2200145ua 4500
041 ## - LANGUAGE CODE
Language code of text/sound track or separate title eng
082 ## - DEWEY DECIMAL CLASSIFICATION NUMBER
Classification number 320.58
Item number VIS/SO
100 ## - MAIN ENTRY--AUTHOR NAME
Personal name Viswanathan, Thandan .
245 ## - TITLE STATEMENT
Title social and political philoshyof survodaya Gandhji /
260 ## - PUBLICATION, DISTRIBUTION, ETC. (IMPRINT)
Place of publication :
Name of publisher Sarva seva sangh ,
Year of publication 1962.
300 ## - PHYSICAL DESCRIPTION
Number of Pages 252 ; .
942 ## - ADDED ENTRY ELEMENTS (KOHA)
Koha item type Books
Holdings
Withdrawn status Lost status Damaged status Home library Current library Date acquired Full call number Accession Number Koha item type
Withdrawn   Damaged KAUAET KAUAET 07/04/2012 320.58 12066 Books
free website counter